Traduce paises de ingles a espanol #2 - Estadísticas

Estadísticas generales
  • Esta prueba ha sido intentada 81 veces
  • La puntuación promedio es 9 de 10
Estadísticas de respuestas
Hint Respuesta % Correcto
Germany Alemania
100%
Belgium Belgica
97%
Norway Noruega
97%
Fiji Fiyi
86%
Mauritius Mauricio
84%
Lebenon Libano
82%
Palau Palaos
82%
Bahrain Baréin
80%
Djibouti Yibuti
76%
Saint Kitts and Nevis San Cristóbal y Nieves
66%
No se encontraron pruebas coincidentes
Distribución de puntuación
Porcentaje de gente con cada puntuación
Porcentaje por número respondido
Historial de tus puntuaciones
No has intentado esta prueba.